Kuliyat-e-iqbal (Record no. 576128)
[ view plain ]
| 000 -LEADER | |
|---|---|
| fixed length control field | 00551nam a22001817a 4500 |
| 003 - CONTROL NUMBER IDENTIFIER | |
| control field | CEME |
| 005 - DATE AND TIME OF LATEST TRANSACTION | |
| control field | 20210628204055.0 |
| 008 - FIXED-LENGTH DATA ELEMENTS--GENERAL INFORMATION | |
| fixed length control field | 210105b xxu||||| |||| 00| 0 eng d |
| 020 ## - INTERNATIONAL STANDARD BOOK NUMBER | |
| International Standard Book Number | 9693506626 |
| 040 ## - CATALOGING SOURCE | |
| Transcribing agency | ceme |
| 082 ## - DEWEY DECIMAL CLASSIFICATION NUMBER | |
| Classification number | 891.4391 IQB |
| 100 ## - MAIN ENTRY--PERSONAL NAME | |
| Personal name | Dr Muhammad Iqbal |
| 9 (RLIN) | 29806 |
| 245 ## - TITLE STATEMENT | |
| Title | Kuliyat-e-iqbal |
| 260 ## - PUBLICATION, DISTRIBUTION, ETC. | |
| Place of publication, distribution, etc. | LAHORE |
| Name of publisher, distributor, etc. | SANG-E-MEEL PUB |
| Date of publication, distribution, etc. | 2009 |
| 300 ## - PHYSICAL DESCRIPTION | |
| Extent | 232P |
| 650 ## - SUBJECT ADDED ENTRY--TOPICAL TERM | |
| Topical term or geographic name entry element | URDU POETRY-KULIYAT-E-IQBAL. IQBAL-BANGEDARA.IQBAL-BALEY JIBRAEEL. IQBAL-ZERB-E-KALEEM.IQBAL-ARMAGANE-E-HIJAZ.IQBAL-BOOKS.IQBALIAT |
| 9 (RLIN) | 68595 |
| 942 ## - ADDED ENTRY ELEMENTS (KOHA) | |
| Koha item type | Book |
| Source of classification or shelving scheme | |
| Withdrawn status | Lost status | Damaged status | Not for loan | Permanent Location | Current Location | Shelving location | Date acquired | Total Checkouts | Total Renewals | Full call number | Barcode | Checked out | Date last seen | Date last checked out | Price effective from | Koha item type |
|---|---|---|---|---|---|---|---|---|---|---|---|---|---|---|---|---|
| College of Electrical & Mechanical Engineering (CEME) | College of Electrical & Mechanical Engineering (CEME) | General Stacks | 08/02/2017 | 2 | 1 | 891.4391 IQB | CEME-47092 | 01/31/2026 | 11/14/2025 | 11/14/2025 | 06/28/2021 | Book |
